00819cam a22002531 4500001001300000003000400013005001700017008004100034010001700075025002000092035001900112040002500131042001200156050001600168100002100184245007700205260004300282300001800325490007300343650003200416650002100448810007900469999001700548ne 67001462 DLC20260227111834.0810409s1965 ua 000 0 eng  ane 67001462  aPL480: UAR-7362 a(OCoLC)7322152 aDLCcMChBdMChBdDLC apremarc00aHG3104b.L31 aLambiotte, O. E.13aAn outline of the Belgian credit and baking system,cby O. E. Lambiotte. aCairob[National Bank of Egypt]c1965. a32 p.c24 cm.1 aNational Bank of Egypt. Fiftieth anniversary commemmoration lectures 0aBanks and bankingzBelgium. 0aCreditzBelgium.2 aBank al-Ahlī al-Miṣrī.tFiftieth anniversary commemorative lectures. c49753d49753